000 00565cam a2200193 4500500
005 20260405001727.0
041 _afre
042 _adc
100 1 0 _aRogé, Antoine
_eauthor
245 0 0 _aMatière à penser / avril 2014
260 _c2014.
500 _a21
690 _aAffection
690 _aCorruption
690 _aEdward Snowden
690 _aGuerre
786 0 _nPhilosophie magazine | 78 | 4 | 2014-04-01 | p. 11-11 | 1951-1787
856 4 1 _uhttps://shs.cairn.info/magazine-philosophie-magazine-2014-4-page-11?lang=fr&redirect-ssocas=7080
999 _c2050458
_d2050458